面積の大きい市町村TOP100 - Statistics

General Stats
  • This quiz has been taken 2,445 times
  • The average score is 53 of 100
Answer Stats
順位 都道府県 面積(km^2) % Correct
2 静岡県 1558.06 浜松市
98%
1 岐阜県 2177.61 高山市
97%
5 静岡県 1411.83 静岡市
97%
3 栃木県 1449.83 日光市
92%
20 北海道 1121.26 札幌市
91%
7 北海道 1363.29 釧路市
85%
42 秋田県 906.07 秋田市
84%
14 富山県 1241.74 富山市
83%
46 福島県 886.47 盛岡市
83%
15 福島県 1232.26 いわき市
82%
92 新潟県 726.27 新潟市
82%
41 広島県 906.69 広島市
81%
4 北海道 1427.41 北見市
80%
83 北海道 747.66 旭川市
79%
29 山口県 1023.23 山口市
76%
33 長野県 978.47 松本市
75%
56 長野県 834.81 長野市
74%
10 山形県 1311.53 鶴岡市
73%
12 岩手県 1256.42 一関市
72%
75 福島県 767.72 福島市
72%
44 新潟県 891.06 長岡市
71%
61 青森県 824.61 青森市
71%
70 宮城県 786.35 仙台市
71%
81 福島県 757.2 郡山市
71%
69 岡山県 789.95 岡山市
70%
17 新潟県 1174.17 村上市
69%
34 新潟県 973.89 上越市
69%
16 秋田県 1209.59 由利本荘市
68%
59 京都府 827.83 京都市
66%
97 山口県 716.1 下関市
66%
30 岩手県 993.3 奥州市
65%
38 愛知県 918.32 豊田市
65%
80 北海道 761.47 稚内市
65%
11 岩手県 1259.15 宮古市
63%
28 和歌山県 1026.91 田辺市
62%
18 秋田県 1152.76 北秋田市
61%
40 岩手県 908.39 花巻市
61%
67 岐阜県 792.53 飛騨市
61%
52 青森県 864.12 むつ市
60%
50 秋田県 866.79 大仙市
59%
78 鳥取県 765.31 鳥取市
59%
13 広島県 1246.49 庄原市
56%
39 秋田県 913.22 大館市
56%
55 岐阜県 851.21 下呂市
55%
37 新潟県 946.76 魚沼市
54%
99 三重県 711.19 津市
54%
27 岐阜県 1030.75 郡上市
52%
85 新潟県 746.24 糸魚川市
52%
24 秋田県 1093.56 仙北市
51%
47 山口県 873.72 岩国市
51%
49 宮崎県 868.02 延岡市
51%
54 新潟県 855.68 佐渡市
51%
79 北海道 763.07 夕張市
51%
6 北海道 1408.04 足寄町
49%
48 福井県 872.43 大野市
49%
65 宮城県 796.81 大崎市
49%
19 北海道 1147.55 新ひだか町
47%
72 広島県 778.18 三次市
47%
94 北海道 722.42 石狩市
47%
9 北海道 1319.63 別海町
46%
66 岡山県 793.29 新見市
45%
71 群馬県 781.08 みなかみ町
44%
82 石川県 754.93 白山市
44%
8 北海道 1332.45 遠軽町
43%
21 北海道 1119.22 士別市
42%
43 大分県 903.14 佐伯市
42%
57 北海道 830.67 紋別市
42%
60 岩手県 825.97 遠野市
42%
53 岩手県 862.3 八幡平市
41%
63 宮城県 804.97 栗原市
41%
68 秋田県 790.91 湯沢市
41%
32 北海道 992.14 日高町
40%
35 北海道 956.08 八雲町
39%
93 青森県 725.65 十和田市
39%
90 島根県 733.19 益田市
38%
95 徳島県 721.42 三好市
38%
25 北海道 1063.83 新得町
37%
58 岡山県 828.53 真庭市
37%
26 北海道 1049.47 上川町
36%
31 岩手県 992.36 岩泉町
35%
100 秋田県 707.52 鹿角市
35%
45 福島県 886.47 南会津町
34%
23 北海道 1099.37 標茶町
33%
36 新潟県 952.89 阿賀町
33%
51 北海道 865.04 芦別市
32%
89 北海道 737.13 斜里町
32%
76 北海道 767.04 幌加内町
31%
84 福島県 747.56 只見町
31%
22 北海道 1115.93 枝幸町
29%
64 岐阜県 803.44 揖斐川町
29%
73 北海道 774.33 弟子屈町
25%
74 北海道 773.13 白糠町
25%
62 北海道 815.68 大樹町
22%
87 北海道 739.27 厚岸町
22%
88 山形県 737.56 小国町
22%
98 北海道 711.36 むかわ町
18%
91 北海道 729.85 浦幌町
16%
77 北海道 766.89 滝上町
15%
86 北海道 743.09 平取町
14%
96 北海道 716.8 津別町
14%
No matching quizzes found
Score Distribution
Percent of People with Each Score
Percentile by Number Answered
Your Score History
You have not taken this quiz